| 000 | 00615nam a2200181Ia 4500 | ||
|---|---|---|---|
| 005 | 20250923145446.0 | ||
| 008 | 008 250917s9999 xx 000 0 eng d | ||
| 037 | _aTextual | ||
| 040 |
_aDSWL _beng _cDSWL |
||
| 041 |
_aeng _2eng |
||
| 084 |
_aT:3,44(YX).25' N7t4, N78 _qDSWL |
||
| 100 |
_aChowdhary, Poonam _9835530 |
||
| 245 | 0 |
_aField Work in Community Setting : The Reaction and Opinions of Students _c by Poonam Chowdhary |
|
| 260 |
_aBombay _bD.S.S.W. 3 University Road _c1978 |
||
| 300 | _axiv,178 p. | ||
| 942 |
_cTEXL _hT:3,44(YX).25' N7t4, N78 |
||
| 999 |
_c1451588 _d1451588 |
||